Christina Aguilera's UK Singles Chart History - Statistics

General Stats
  • This quiz has been taken 20 times
  • The average score is 21 of 27
Answer Stats
Peak Position Song Weeks On Chart Debut Date % Correct
#1 Beautiful 14 Feb 22nd 2003
100%
#1 Genie In A Bottle 24 Oct 16th 1999
100%
#50 Genie In A Bottle 5 Sep 11th 1999
100%
#17 Candyman 25 Mar 10th 2007
94%
#6 Can't Hold Us Down 10 Sep 20th 2003
94%
#19 I Turn To You 7 Jul 22nd 2000
94%
#8 Come On Over Baby (All I Want Is You) 11 Nov 11th 2000
89%
#1 Dirrty 9 Nov 23rd 2002
89%
#81 Dirrty 1 Nov 2nd 2002
89%
#11 Hurt 20 Nov 18th 2006
89%
#1 Lady Marmalade 19 Jun 30th 2001
89%
#3 What A Girl Wants 19 Jan 22nd 2000
89%
#2 Ain't No Other Man 24 Jul 29th 2006
83%
#3 Fighter 15 Jun 21st 2003
83%
#9 The Voice Within 10 Dec 20th 2003
83%
#2 Moves Like Jagger 64 Aug 27th 2011
72%
#12 Not Myself Tonight 6 May 22nd 2010
72%
#99 Fall In Line 1 May 31st 2018
67%
#4 Say Something 28 Mar 1st 2014
67%
#16 Your Body 3 Nov 17th 2012
67%
#4 Car Wash 14 Nov 13th 2004
61%
#5 Feel This Moment 15 Mar 30th 2013
56%
#14 Keeps Gettin' Better 6 Nov 15th 2008
56%
#4 Nobody Wants To Be Lonely 12 Mar 10th 2001
56%
#75 Express 1 Dec 25th 2010
44%
#8 Tell Me 18 Dec 16th 2006
44%
#5 Tilt Ya Head Back 12 Dec 4th 2004
44%
No matching quizzes found
Score Distribution
Percent of People with Each Score
Percentile by Number Answered
Your Score History
You have not taken this quiz